| 000 | 01059cam a22003015a 4500 | ||
|---|---|---|---|
| 001 | L158830 | ||
| 008 | 150730s2012 xxk f 000 0 eng d | ||
| 020 | _a9780977858798 | ||
| 035 | _a(Sirsi) u158830 | ||
| 041 | 0 | _aeng | |
| 050 | 0 | 4 | _aF692.3 |
| 110 | 2 |
_aBuilding Owners and Managers Association International _96157 |
|
| 245 | 0 | 0 |
_aMixed use properties _bStandard methods of measurement |
| 260 |
_aWashington DC _bBOMA _c2012 |
||
| 300 | _aiv, 75p ; 27cm | ||
| 520 | _aThis standard is intended to measuring mixed use buildings and should be used in conjunction with other BOMA Standards these being Office Buildings, Industrial Buildings, Gross Area of a Building, Multi-unit residential buildings and Retail building. | ||
| 590 | _aKA | ||
| 650 | 2 | 4 | _aSTANDARDS METHODS OF MEASUREMENT |
| 650 | 2 | 4 | _aOFFICES |
| 650 | 2 | 4 | _aRETAIL |
| 650 | 2 | 4 | _aSHOPS |
| 650 | 2 | 4 | _aMULTI-UNIT RESIDENTIAL BUILDINGS |
| 650 | 2 | 4 | _aINDUSTRIAL |
| 651 | 4 | _aUnited States | |
| 690 |
_aMeasurement _96256 |
||
| 690 |
_aCommercial property _96227 |
||
| 942 | _n0 | ||
| 999 |
_c115528 _d115528 |
||